[Event "FRA-ch op-A"]
[Site "Pau"]
[Date "2008.08.20"]
[Round "8"]
[White "Busson, Benoist"]
[Black "Lambert, Thierry"]
[Result "1-0"]
[WhiteElo "2028"]
[BlackElo "2000"]
[PlyCount "101"]
[EventDate "2008.08.11"]
[EventType "swiss"]
[EventRounds "9"]
[EventCountry "FRA"]
[SourceTitle "CBM 126 Extra"]
[Source "ChessBase"]
[SourceDate "2008.11.05"]
[SourceVersion "1"]
[SourceVersionDate "2008.11.05"]
[SourceQuality "1"]

1. e4 c5 2. Nc3 e6 3. g3 d5 4. exd5 exd5 5. d4 cxd4 6. Qxd4 Be6 7. Nf3 Nc6 8. Bb5 a6 9. Bxc6+ bxc6 10. Ne5 Qc8 11. Qa4 Bd7 12. 0-0 Bd6 13. Re1 Ne7 14. Bf4 0-0 15. Nxd7 Qxd7 16. Re2 Bxf4 17. Qxf4 Ng6 18. Qd4 Rfe8 19. Rae1 Rxe2 20. Rxe2 Nf8 21. Na4 Ne6 22. Qe5 Rd8 23. f4 g6 24. Kf1 Qd6 25. c3 Qxe5 26. Rxe5 d4 27. cxd4 Rxd4 28. Nc3 Rb4 29. b3 c5 30. Kf2 Rd4 31. Ke3 Rd8 32. Rd5 Rxd5 33. Nxd5 h5 34. Ke4 Kf8 35. Ne3 Ke7 36. Kd5 h4 37. f5 Nc7+ 38. Kxc5 hxg3 39. hxg3 gxf5 40. Nd5+ Nxd5 41. Kxd5 Kf6 42. b4 Kg5 43. a4 Kg4 44. b5 axb5 45. axb5 Kxg3 46. b6 f4 47. b7 f3 48. b8Q+ Kg2 49. Qf4 f2 50. Qg4+ Kh2 51. Qf3 1-0

[Event "FRA-ch op-A"]
[Site "Pau"]
[Date "2008.08.16"]
[Round "5"]
[White "Lambert, Thierry"]
[Black "Gaubil, Olivier"]
[Result "0-1"]
[WhiteElo "2000"]
[BlackElo "2154"]
[PlyCount "142"]
[EventDate "2008.08.11"]
[EventType "swiss"]
[EventRounds "9"]
[EventCountry "FRA"]
[SourceTitle "CBM 126 Extra"]
[Source "ChessBase"]
[SourceDate "2008.11.05"]
[SourceVersion "1"]
[SourceVersionDate "2008.11.05"]
[SourceQuality "1"]

1. d4 Nf6 2. c4 g6 3. Nc3 Bg7 4. e4 d6 5. Nf3 0-0 6. Be2 e5 7. 0-0 Nc6 8. d5 Ne7 9. b4 Nh5 10. Re1 a5 11. b5 b6 12. Bb2 h6 13. Nd2 Nf4 14. Bf1 f5 15. g3 Nh5 16. Bh3 f4 17. Bxc8 Qxc8 18. g4 f3 19. h3 Nf4 20. Kh2 Nd3 21. Rg1 Bf6 22. Kg3 Bg5 23. Nxf3 Rxf3+ 24. Qxf3 Nxb2 25. Qe2 Qf8 26. Qxb2 Qf4+ 27. Kg2 Rf8 28. Qe2 Qf6 29. Rad1 Bf4 30. Kf1 Qh4 31. Rd3 g5 32. Rf3 Ng6 33. Nd1 h5 34. gxh5 Qxh5 35. Ne3 Kh7 36. Nf5 Nh4 37. Rxf4 Qxe2+ 38. Kxe2 exf4 39. Rxg5 Ng6 40. Kd3 Ne5+ 41. Kc3 Rf7 42. h4 Kh8 43. h5 Rh7 44. h6 f3 45. Kd4 Rf7 46. Ne3 Kh7 47. Ng4 Nxg4 48. Rxg4 Kxh6 49. Ke3 Kh5 50. Rf4 Rh7 51. Rxf3 Kg6 52. Rg3+ Kf6 53. f4 Rh2 54. a3 Rh4 55. Kf3 Rh1 56. Ke3 Rh4 57. Rf3 Kg6 58. Kd4 Kf6 59. f5 Rh1 60. Rg3 Rd1+ 61. Rd3 Ra1 62. Rg3 Rd1+ 63. Kc3 Ra1 64. Kb3 Re1 65. Rg6+ Ke5 66. Rg7 Kd4 67. Rxc7 Rxe4 68. f6 Rf4 69. f7 Rf3+ 70. Ka4 Kc3 71. Rc6 Kb2 0-1

[Event "Lyon op"]
[Site "Lyon"]
[Date "2005.04.18"]
[Round "3"]
[White "Roche, Marius"]
[Black "Lambert, Thierry"]
[Result "1-0"]
[WhiteElo "1770"]
[BlackElo "2129"]
[PlyCount "127"]
[EventDate "2005.04.16"]
[EventType "swiss"]
[EventRounds "9"]
[EventCountry "FRA"]
[SourceTitle "CBM 105 Extra"]
[Source "ChessBase"]
[SourceDate "2005.05.01"]
[SourceVersion "1"]
[SourceVersionDate "2005.05.01"]
[SourceQuality "1"]

1. d4 d5 2. Nf3 Nf6 3. e3 Bg4 4. Be2 Nc6 5. Nbd2 e6 6. c4 Be7 7. h3 Bh5 8. 0-0 0-0 9. b3 Ne4 10. Nxe4 dxe4 11. Nh2 Bxe2 12. Qxe2 a5 13. Bb2 Qd7 14. Rfd1 f5 15. a3 Bf6 16. Bc3 Qe7 17. Qe1 Rfd8 18. b4 axb4 19. axb4 Qf8 20. b5 Ne7 21. Rxa8 Rxa8 22. Ra1 c6 23. Bb4 cxb5 24. Rxa8 Qxa8 25. Bxe7 Bxe7 26. cxb5 Qa4 27. Qe2 h6 28. f3 exf3 29. Nxf3 Bf6 30. h4 Kf8 31. Kh2 Ke7 32. Qd3 Qb4 33. Kh3 Kd6 34. g4 fxg4+ 35. Kxg4 Kc7 36. e4 Kb6 37. e5 Bd8 38. Qg6 Qe7 39. Qd3 Qe8 40. Qc4 Qd7 41. Qc5+ Ka5 42. Nd2 Qxb5 43. Nb3+ Ka4 44. Qxb5+ Kxb5 45. Nc5 Kc6 46. Nxe6 Ba5 47. Nf4 b5 48. d5+ Kd7 49. Ne6 Bc3 50. h5 b4 51. Nc5+ Kd8 52. Kf5 Bd4 53. Nb3 Bc3 54. e6 Ke8 55. Ke4 Bf6 56. Na5 Kd8 57. Nb7+ Ke7 58. d6+ Ke8 59. Nc5 Kd8 60. Kf5 Bd4 61. Nb3 Bf6 62. Na5 Kc8 63. Kg6 Be5 64. e7 1-0

[Event "Lyon op"]
[Site "Lyon"]
[Date "2005.04.16"]
[Round "1"]
[White "Colin, Sylvain"]
[Black "Lambert, Thierry"]
[Result "1-0"]
[WhiteElo "1690"]
[BlackElo "2129"]
[PlyCount "41"]
[EventDate "2005.04.16"]
[EventType "swiss"]
[EventRounds "9"]
[EventCountry "FRA"]
[SourceTitle "CBM 105 Extra"]
[Source "ChessBase"]
[SourceDate "2005.05.01"]
[SourceVersion "1"]
[SourceVersionDate "2005.05.01"]
[SourceQuality "1"]

1. e4 d6 2. d4 Nf6 3. Nc3 Nbd7 4. e5 dxe5 5. dxe5 Nxe5 6. Qxd8+ Kxd8 7. Bf4 Nc6 8. 0-0-0+ Bd7 9. Nf3 a6 10. Ng5 Ke8 11. Bc4 e6 12. Bxc7 Rc8 13. Bb6 Bb4 14. Nce4 h6 15. Nxf6+ gxf6 16. Nxf7 Rg8 17. g3 Ne7 18. Rxd7 Kxd7 19. Rd1+ Ke8 20. Bxe6 Rc6 21. Rd8# 1-0

[Event "Plancoet op 3rd"]
[Site "Plancoet"]
[Date "2003.07.28"]
[Round "3"]
[White "Guezennec, Franck"]
[Black "Lambert, Thierry"]
[Result "1-0"]
[WhiteElo "2134"]
[BlackElo "2076"]
[PlyCount "43"]
[EventDate "2003.07.26"]
[EventType "swiss"]
[EventRounds "9"]
[EventCountry "FRA"]
[SourceTitle "CBM 095 Extra"]
[Source "ChessBase"]
[SourceDate "2003.09.04"]
[SourceVersion "1"]
[SourceVersionDate "2003.09.04"]
[SourceQuality "1"]

1. c4 Nf6 2. g3 c5 3. Bg2 Nc6 4. Nc3 e6 5. d3 d5 6. cxd5 exd5 7. Bg5 d4 8. Ne4 Be7 9. Bxf6 Bxf6 10. Qa4 Be7 11. Nxc5 Bxc5 12. Bxc6+ bxc6 13. Qxc6+ Qd7 14. Qxc5 Bb7 15. Nf3 Bxf3 16. exf3 Rc8 17. Qe5+ Qe7 18. Qxe7+ Kxe7 19. Kd2 Rc6 20. Rhe1+ Re6 21. Rac1 Rxe1 22. Rxe1+ 1-0